000
00205 a2200097 4500
001
8012
100
_a
Spears, S E
245
_a
Assignment to catastrophe
260
_a
_b
Heanimann
_c
090
_c
6420
_d
6420
942
_a
NUST-CAE
_c
M
_c
32957
999
_c
243085
_d
243085